| 000 | 00577nam a2200241Ia 4500 | ||
|---|---|---|---|
| 005 | 20250425161440.0 | ||
| 008 | 250425s9999 xx 000 0 und d | ||
| 041 | _aspa | ||
| 082 | _a622.25 | ||
| 100 | _aVOZDVIZHENSKI, B. I. | ||
| 245 | 0 | _aPERFORACION DE EXPLORACION | |
| 250 | _a1A ED. | ||
| 260 | _aMOSCOW | ||
| 260 |
_aRusia _bMIR _c1982 |
||
| 300 | _a524 | ||
| 650 | _aPERFORACION | ||
| 650 | _aPERFORACION DE POZOS | ||
| 650 | _aROCAS-PROPIEDADES FISICAS | ||
| 700 | _aGOLUBINTSEV, O. N. | ||
| 700 | _aNOVOZHILOV, A.A. | ||
| 942 | _c01 | ||
| 010 | _a20575 | ||
| 999 |
_c209483 _d209483 |
||